| 000 | 00894nam2a2200205 4500 | ||
|---|---|---|---|
| 001 | RU\NLR\PER_A\002789656_000370 | ||
| 005 | 20250626095325.0 | ||
| 035 | _a(NLR Aleph) 011597191 | ||
| 090 |
_a10867919 _c10867919 |
||
| 100 | _a20180117d2017 |||y0rusy50 ca | ||
| 101 | 0 | _arus | |
| 102 | _aRU | ||
| 200 | 1 | _aВяжем свитера, кардиганы и шарфы для мужчин | |
| 210 |
_d2017 _aБ. м. |
||
| 461 | 0 |
_1001RU\NLR\Per\537565 _12001#$aМастерская на дому$eсоветы домашним мастерам и мастерицам$eжурнал$v2017, № 2 (32) _92481012 _cСмоленск _d2008 - _nТолока _oсоветы домашним мастерам и мастерицам : журнал _tМастерская на дому _x1819-7795 _v2017, № 2 (32) |
|
| 852 |
_aNLR _jП10/7584 |
||
| 942 | _cISSUE | ||
| 980 | _aNB | ||
| 980 | _aRUSPER | ||